<?xml version="1.0" encoding="UTF-8"?><?xml-stylesheet type="text/xsl" href="static/style.xsl"?><OAI-PMH xmlns="http://www.openarchives.org/OAI/2.0/" xmlns:xsi="http://www.w3.org/2001/XMLSchema-instance" xsi:schemaLocation="http://www.openarchives.org/OAI/2.0/ http://www.openarchives.org/OAI/2.0/OAI-PMH.xsd"><responseDate>2026-04-14T02:52:48Z</responseDate><request verb="GetRecord" identifier="oai:www.recercat.cat:2117/334994" metadataPrefix="marc">https://recercat.cat/oai/request</request><GetRecord><record><header><identifier>oai:recercat.cat:2117/334994</identifier><datestamp>2025-07-22T23:18:58Z</datestamp><setSpec>com_2072_1033</setSpec><setSpec>col_2072_452951</setSpec></header><metadata><record xmlns="http://www.loc.gov/MARC21/slim" xmlns:dcterms="http://purl.org/dc/terms/" xmlns:xsi="http://www.w3.org/2001/XMLSchema-instance" xmlns:doc="http://www.lyncode.com/xoai" xsi:schemaLocation="http://www.loc.gov/MARC21/slim http://www.loc.gov/standards/marcxml/schema/MARC21slim.xsd">
   <leader>00925njm 22002777a 4500</leader>
   <datafield ind2=" " ind1=" " tag="042">
      <subfield code="a">dc</subfield>
   </datafield>
   <datafield ind2=" " ind1=" " tag="720">
      <subfield code="a">Otárola Grasso, Roland Josué</subfield>
      <subfield code="e">author</subfield>
   </datafield>
   <datafield ind2=" " ind1=" " tag="260">
      <subfield code="c">2020-10-26</subfield>
   </datafield>
   <datafield ind2=" " ind1=" " tag="520">
      <subfield code="a">La forma en que se ha dado la expansión urbana de Lima Metropolitana ha resultado en una&#xd;
marcada sectorización de la población según ingresos y ha ocasionado paralelamente un proceso de inequidad en la movilidad sobre todo para los colectivos de las periferias. Este tipo de&#xd;
crecimiento sin planificación ha sido uno de los obstáculos para el implemento de un buen sistema de transporte público articulado y pertinente según los requerimientos de la población. De&#xd;
esta manera, el objetivo principal de esta tesis es analizar el desplazamiento y la movilidad de&#xd;
las personas con motivo de trabajo en Lima Metropolitana y determinar las principales razones&#xd;
que podrían influir en una cohesión social o agudizar los efectos de una posible exclusión social.&#xd;
En la presente tesis se pueden distinguir tres fases. La primera de ellas fue teórica, en la cual&#xd;
se hizo una revisión bibliográfica para el marco teórico de conceptos como desarrollo sostenible;&#xd;
sostenibilidad social; movilidad sostenible; movilidad y accesibilidad; y movilidad, exclusión y&#xd;
cohesión social. Además, en el estado del arte se abarcaron temas relacionados principalmente&#xd;
con el estudio de la accesibilidad. La segunda fase fue analítica y práctica; en primer lugar, se&#xd;
realizó un análisis de la forma urbana de Lima Metropolitana, con la finalidad de identificar las&#xd;
características del asentamiento de la población; de identificar las características de los centros&#xd;
de empleo; y de identificar los flujos de viaje en relación con la dinámica de su fuerza laboral. En&#xd;
segundo lugar, se hizo un análisis de la oferta de transporte público, con la finalidad de identificar los modos de transporte de la población con motivo laboral y las principales características&#xd;
socioeconómicas de sus usuarios; y de evaluar la eficiencia del sistema de transporte público,&#xd;
estableciendo sus alcances y limitaciones. En tercer lugar, se hizo un análisis de la gestión del&#xd;
transporte, con la finalidad de identificar los aspectos más relevantes y trascendentes de la gestión del sistema de transporte público que podrían caracterizar el modelo actual de la ciudad.&#xd;
En cuarto lugar, se hizo un análisis del esfuerzo económico, con la finalidad de determinar la&#xd;
repercusión del gasto de movilidad en las personas según nivel socioeconómico; y de evaluar&#xd;
la influencia del aspecto socioeconómico en el desplazamiento de las personas. La tercera fase&#xd;
fue de evaluación y conclusiones; se concluyó si los parámetros analizados estaban orientados&#xd;
a promover una cohesión o exclusión social en Lima Metropolitana; además, se dieron recomendaciones enfocadas a buscar alternativas que puedan proporcionar una mejor accesibilidad.&#xd;
Se detectaron diversos aspectos relacionados con la movilidad en Lima Metropolitana que tenían un impacto negativo en la accesibilidad y, como consecuencia, en la cohesión social. La&#xd;
movilidad de las personas por motivos laborales está condicionada en gran parte por el carácter&#xd;
monocéntrico de la ciudad en relación con la distribución de los centros de empleo. Además, la&#xd;
oferta de transporte actual tiene muchas limitaciones y problemáticas, las cuales han derivado&#xd;
de la ausencia de planificación por parte de la administración; asimismo, este panorama influye&#xd;
directamente en los hogares de bajos recursos quienes terminan por destinar una cantidad significativa a gastos de transporte; sobre todo aquellos ubicados en las zonas más alejadas, ya que,&#xd;
la cantidad de transbordos y la ausencia de un sistema tarifario integrado, tienen un impacto negativo. Se entiende que, si la gente ya usa el transporte público con mucha intensidad, según la&#xd;
evidencia en encuestas de Lima Cómo Vamos (2019), la mejora en la calidad del servicio y en el&#xd;
funcionamiento del sistema, son fundamentales para aumentar los indicadores de sostenibilidad&#xd;
principalmente entendida desde su dimensión social.</subfield>
   </datafield>
   <datafield tag="653" ind2=" " ind1=" ">
      <subfield code="a">Àrees temàtiques de la UPC::Urbanisme::Aspectes socials</subfield>
   </datafield>
   <datafield tag="653" ind2=" " ind1=" ">
      <subfield code="a">Àrees temàtiques de la UPC::Enginyeria civil::Infraestructures i modelització dels transports::Transport urbà</subfield>
   </datafield>
   <datafield tag="653" ind2=" " ind1=" ">
      <subfield code="a">Àrees temàtiques de la UPC::Desenvolupament humà i sostenible::Desenvolupament sostenible::Mobilitat sostenible</subfield>
   </datafield>
   <datafield tag="653" ind2=" " ind1=" ">
      <subfield code="a">Sustainable urban development -- Peru -- Lima</subfield>
   </datafield>
   <datafield tag="653" ind2=" " ind1=" ">
      <subfield code="a">Residential mobility -- Peru -- Lima</subfield>
   </datafield>
   <datafield tag="653" ind2=" " ind1=" ">
      <subfield code="a">Movilidad</subfield>
   </datafield>
   <datafield tag="653" ind2=" " ind1=" ">
      <subfield code="a">Sostenibilidad</subfield>
   </datafield>
   <datafield tag="653" ind2=" " ind1=" ">
      <subfield code="a">Transporte</subfield>
   </datafield>
   <datafield tag="653" ind2=" " ind1=" ">
      <subfield code="a">Cohesión</subfield>
   </datafield>
   <datafield tag="653" ind2=" " ind1=" ">
      <subfield code="a">Desenvolupament urbà sostenible -- Perú -- Lima</subfield>
   </datafield>
   <datafield tag="653" ind2=" " ind1=" ">
      <subfield code="a">Mobilitat residencial - Perú -- Lima</subfield>
   </datafield>
   <datafield tag="653" ind2=" " ind1=" ">
      <subfield code="a">Transports</subfield>
   </datafield>
   <datafield ind2="0" ind1="0" tag="245">
      <subfield code="a">Movilidad sostenible y cohesión social: un estudio de la accesibilidad en Lima Metropolitana</subfield>
   </datafield>
</record></metadata></record></GetRecord></OAI-PMH>